000 00488nam a2200157 4500
001 127459
003 ES-MaACL
007 t|
008 070214s1951 sp r ||||1| fre d
100 1 _aRiera Vidal, Pedro.
_997138
245 1 3 _aUn jour a Toléde
_b: ( guide artistique illustré) /
_cPedro Riera Vidal.
250 _a2ª. ed.
260 _aToledo :
_b[s.n.],
_c1951 (
_fTall. Gráf. Rafael Gómez-Menor)
300 _a155 p. :
_bil. ;
_c17 cm.
852 _aES-MaACL
_jC-7436
_bR.35179
999 _c127459
_d127459